000 00567cam a2200145 4500500
005 20251012020703.0
041 _afre
042 _adc
100 1 0 _aMontebello, Éliane de
_eauthor
245 0 0 _aPleinement consacrés et pleinement dans le monde. Le défi des instituts séculiers, collectif, Parole et Silence, Paris, 2007, 138 p.
260 _c2007.
500 _a12
786 0 _nL'Année canonique | XLIX | 1 | 2007-02-11 | p. 532-535 | 0570-1953
856 4 1 _uhttps://shs.cairn.info/revue-l-annee-canonique-2007-1-page-532?lang=fr&redirect-ssocas=7080
999 _c1536485
_d1536485